Statistics for Real Valladolid CF Squad 2018-2019

Click here to take the quiz!

General Stats

  • This quiz has been taken 6 times
  • The average score is 21 of 29

Answer Stats

#PositionNationPlayer% Correct
23MFMoroccoAnuar Mohamed
100%
11FWItalyDaniele Verde
100%
9FWTurkeyEnes Ünal
100%
1GKSpainJordi Masip
100%
4DFSpainKiko Olivas
100%
22DFSpainNacho Martínez
100%
10FWSpainÓscar Plano
100%
14MFSpainRubén Alcaraz
100%
-CoachSpainSergio González
100%
42FWEcuadorStiven Plaza
100%
20FWCroatiaDuje Čop
75%
5DFSpainFernando Calero
75%
7FWSpainIvi López
75%
15FWSpainPablo Hervías
75%
12FWSpainSergi Guardiola
75%
19FWSpainToni Villa
75%
15DFSpainAlberto Guitián
50%
16MFSpainAntonio Cotán
50%
18DFSpainAntoñito
50%
8MFSpainBorja Fernández
50%
17DFSpainJavi Moyano
50%
2DFSpainJoaquín Fernández
50%
24FWSpainKeko Gontán
50%
32FWArgentinaLeo Suárez
50%
6MFSpainLuismi
50%
21MFSpainMíchel Herrero
50%
3DFSpainMoi Delgado
50%
7FWSpainWaldo Rubio
50%
13GKSpainYoel Rodríguez
50%

Score Distribution

Percentile by Number Answered

Percent of People with Each Score

Your Score History

You have not taken this quiz